Kombinatorika a teorie grafů

Na minha lista:
Detalhes bibliográficos
Formato: Livro
Idioma:tcheco
Publicado em: Praha Státní pedagogické nakladatelství 1986
Tags: Adicionar Tag
Sem tags, seja o primeiro a adicionar uma tag!

MARC

LEADER 00000nam a2200000 4500
001 c103236
005 20260123124538.3
041 0 |a cze 
044 |a CZ 
245 1 0 |a Kombinatorika a teorie grafů  |c Eduard Fuchs 
264 1 |a Praha  |b Státní pedagogické nakladatelství  |c 1986 
300 |a 138 s.